Gares sur les lignes depuis Ussel - Statistiques

Statistiques générales
  • Ce quiz a été pris 10 fois
  • Le résultat moyen est 20 sur 29
Statistiques - réponses
Embranchement Département Gare % Correct
1 (19) Egletons
100%
0 (19) Meymac
100%
1 (19) Tulle
100%
0 (19) Bugeat
89%
0 Corrèze (19) Ussel
89%
1 (19) Brive-la-Gaillarde
78%
1 (19) Cornil
78%
0 Haute-Vienne (87) Limoges-Bénédictins
78%
1 Dordogne (24) Périgueux
78%
1 Dordogne (24) Terrasson-Lavilledieu
78%
1 (24) Thenon
78%
1 (24) Boulazac
67%
1 (24) Condat - Le Lardin
67%
1 (19) Corrèze
67%
1 Corrèze (19) La Rivière-de-Mansac
67%
1 (24) Niversac
67%
0 (87) Saint-Léonard-de-Noblat
67%
1 (24) Saint-Pierre-de-Chignac
67%
1 (19) Aubazine - Saint-Hilaire
56%
0 (87) Châteauneuf - Bujaleuf
56%
0 Haute-Vienne (87) Eymoutiers - Vassivière
56%
0 (19) Jassoneix
56%
0 Corrèze (19) Lacelle (Corrèze)
56%
0 (19) Pérols
56%
0 (87) Saint-Denis-des-Murs
56%
0 (87) Saint-Priest-Taurion
56%
0 (87) Brignac
44%
1 (19) Malemort-Lafont
33%
1 (19) Montaignac-Saint-Hippolyte
33%
Aucun quiz correspondant
Distribution des résultats
% des personnes avec chaque résultat
Percentile par nombre de réponses
Votre historique - résultats
Vous n’avez pas pris ce quiz